000 01605nam a2200397 a 4500
001 000004299
003 DO-SdBNP
005 20260321073638.0
007 ta
008 090721s2005 dr 000 0 spa d
020 _a9945406078
040 _aDO-SdBNP
_bspa
_cBNPHU
_erda
041 _aspa
082 4 _a320.9729
_bB742p 2005
_222
100 1 _a Bosch, Juan,
_d1909-2001
_eautor
_4aut.
_976555
245 1 0 _aPóker de espanto en el Caribe /
_cJuan Bosch.
250 _aQuinta edición
264 1 _aSanto Domingo >
_bAlfa & Omega,
_c2005.
300 _a217 páginas ;
_c22 cm.
336 _atexto
_btxt
_2rdacontent
337 _asin mediación
_bn
_2rdamedia
338 _avolumen
_bnc
_2rdacarrier
505 0 _aHistoria de este libro --
_tIntroducción--
_tRafael Leónidas Trujillo, la carta dominicana --
_tAnastasio Somoza, la carta nicaraguense --
_tMarco Pérez Jiménez, la carta de Venezuela --
_tFulgencio Batista, la carta de Cuba --
_tLa otra faz.
590 _aInventariado, 2018/ YL
600 1 4 _aPérez Jiménez, Marcos,
_d1914-2001
_912694
600 1 4 _aBatista y Zaldivar, Fulgencio,
_d1901 - 1973
_912695
600 1 4 _aSomoza García, Anastacio,
_d1896 - 1956
_912696
600 1 4 _aTrujillo Molina, Rafael Leónidas,
_d 1891-1961
_976764
651 7 _aRepública Dominicana
_xPolítica y gobierno
_978065
651 7 _aVenezuela
_xPolítica y gobierno
_926230
651 7 _aCuba
_xPolítica y gobierno
_9541
651 7 _aNicaragua
_xPolítica y gobierno
_910690
651 0 _aCaribe (Región)
_xHistoria
_987401
910 _aValidado. Control de calidad MMOLINA
942 _2ddc
_cLBS1
999 _c4108
_d4108